000 00615cam a2200217 a 4500
001 14495355
005 20240321060935.0
008 060812s2006 ce a 010 0beng
020 _a9558713015
040 _aDLC
_cDLC
082 _222
_a324.23
245 0 0 _aNM, in his own words, as seen by others /
_cedited by Colvin Goonaratna.
260 _aColombo :
_bDr. N.M. Perera Centre,
_c2006.
300 _a480 p. :
500 _a"Dr. N.M. Perera birth centenary publication."
650 0 _aPoliticians
650 0 _aSri Lanka
700 1 _aPerera, N. M.
_eedt
700 1 _aGoonaratna, Colvin.
_eedt
942 _cL
999 _c592
_d592